000 00801nam a22002177a 4500
999 _c16632
_d16632
003 AR-CdUCM
008 190504b ||||| |||| 00| 0 spa d
040 _aMUNICIPALIDAD PROVINCIAL DEL CUSCO
_cBIBLIOTECA MUNICIPAL DEL CUSCO
082 _a124.8 /
_bC741
100 _aComte, Augusto
_936193
245 _aEl espíritu positivo /
260 _aBuenos Aires :
_bTor,
300 _a160 páginas ;
_c17 cm.
505 _aContenido: La superioridad intelectual del espíritu positivo -- La superioridad del espíritu positivo en la sociedad -- Condiciones de existencia para la escuela positiva.
650 _aFilosofía francesa
_915256
650 _aPositivismo
_9521
650 _aSiglo XIX
_9971
700 _aGregori, A. (versión)
_936194
942 _2ddc
_cLIBROS
945 _adavv
_d04/05/2019